| 000 | 00813nam a2200253 i 4500 | ||
|---|---|---|---|
| 003 | DO-SdBNP | ||
| 005 | 20240320143545.0 | ||
| 007 | ta | ||
| 008 | 240320s2023 dr ac 001 0dspa d | ||
| 020 | _a9789945186000 | ||
| 040 |
_aDO-SdBNP _bspa _cBNPHU _erda |
||
| 082 | 4 |
_bS711r _222 |
|
| 100 |
_aSoonets, Celia _eautora _985081 |
||
| 245 | 1 | 0 |
_aLa riueda de los 8 miedos del emprendedor : _bguía práctica para reconocer y superar el miedo a emprender / _cCelia Soonets |
| 264 | 3 |
_aCaracas, Venezuela : _cEditora no identificada, _b2023. |
|
| 300 |
_a256 páginas : _bilustraciones ; _c24 cm. |
||
| 336 |
_2rdacontent _atexto _btxt |
||
| 337 |
_2rdamedia _asin mediación _bn |
||
| 338 |
_2rdacarrier _avolumen _bnc |
||
| 590 | _aInventariado, 2024/ DG | ||
| 700 | _918786 | ||
| 910 | _aDG | ||
| 942 |
_2ddc _cLBS1 |
||
| 999 |
_c56163 _d56163 |
||